Регионална библиотека "Любен Каравелов" - Русе

Инженерна петрография (Запис номер 408658)

MARC детайли
000 -Лидер
Контролно поле с фиксирана дължина nam a22 a 4500
003 - Код на организацията, давaща контролен номер
Контролно поле BLK
005 - Дата и час на последна редакция
Контролно поле 20210415133828.0
008 - Елементи от данни с фиксирана дължина
fixed length control field 180408b bul|||||r ||||||| ||bul||
040 ## - Източник на каталожния запис
Идентификатор на билиотеката - собственик на записа BLK
041 ## - Код за език
Код за езика на текст/звукозапис или на отделно заглавие Български
Код за езика КДБФ Български
080 ## - УДК
Текстов определител УДК Петрография. Петрология. Вж и 553
УДК код - определител по УДК 552
УДК - код + определител 552(042)
УДК определител (042)
100 ## - Редна дума - Автор
Автор Георгиев, Георги Костов
Авторска отговорност първи автор
R(LIN) 333654
139 ## - Редно поле
Редна дума Георгиев, Георги Костов
245 10 - Сведения за заглавието
Заглавие Инженерна петрография
Подзаглавни данни Лекции
Редно поле (дума) Георги Костов Георгиев; с предг. от Георги Костов Георгиев
257 ## - Страна на издаване
Страна на създаване/издаване България
260 ## - Област на издателските данни
Име на издателя, разпространителя и проч. Наука и изкуство
Година на издаване 1949
9 (RLIN) 209548
Място на издаване, разпространение и проч. Варна
Издателство - префикс ISBN 978-954-02-
300 ## - Физическа характеристика
Страници ХII, 269 с.
Илюстрации и др. с ил., табл., сн.
Размери/Мащаб 23 см
380 ## - Жанр
Жанр Естествени науки. Математика
490 ## - СЕРИИ (Колекции)
9 (RLIN) 204446
Име на серия Университетска литература
500 ## - Общи забележки
Забележка 1 200 тир. - Библиогр. с. 268-269
650 #0 - Допълнително описание по предмет – тема
Основно описание – тема или топоним Ботаника - учебници за ВУЗ
9 (RLIN) 245174
653 #7 - Ключова дума – ненормативна
Ключова дума ботаника
9 (RLIN) 182340
700 ## - Други автори (авторска отговорност)
9 (RLIN) 412312
Лично име Георгиев, Георги Костов
Автороска отговорност (Описва отношението между автора и произведението) с предг. от
852 ## - Местоположение
Форматна сигнатура Цб 5.230.35116
Фондова буква Хранилище
999 ## - СИСТЕМНИ КОНТРОЛНИ НОМЕРА
Koha biblionumber 408658
Koha biblioitemnumber 408658
942 ## - АРТИКУЛИ
Вид на библиотечния материал Книги
Скрит в OPAC Не
Периодичен библиозапис Да
944 ## - СЪЗДАВАНЕ И РЕДАКЦИЯ на ЗАПИСА
Създаване/Редакция Създаване
Дата на регистрацията/редакция 2021-04-15
Служител, извършил регистрацията/редакцията СТ
999 ## - СИСТЕМНИ КОНТРОЛНИ НОМЕРА
Koha biblioitemnumber 408649
999 ## - СИСТЕМНИ КОНТРОЛНИ НОМЕРА
Koha biblioitemnumber 408638
Наличности
Код за отписване Код за изгубен артикул Източник на класификационната схема Код за повреда Коз за рестрикции Код за отдаване Артикулен № Име на библиотеката - собственик Име на библиотеката, в която се намира в момента Статус (Текущо местоположение) Дата на вписване в системата Местоположение - отдел Цена в лева Инвентарен номер Систематично азбучна сигнатура Баркод Цена в евро Служебен тип на артикула
  Не е изгубен Universal Decimal Classification Не е повреден само за читалня ползва се в читалня 824313 Регионална библиотека "Любен Каравелов" Русе Регионална библиотека "Любен Каравелов" Русе Хранилище 2021-04-16 Основен фонд - ползва се само за читалня 0.45 35116 Цб 5.230.35116 900000054776 0.23 Книги
Vip Innovations Ltd, Rousse, Bulgaria 2025